000 00325nam a22001337a 4500
008 180919b xxu||||| |||| 00| 0 eng d
020 _a9781557987914
041 _aeng
080 _a159.9
100 _a49
101 _aPSI
245 _aPublication Manual of the American Psychological Association
_cAPA
942 _2udc
_cBK
999 _c48086
_d48086